Estadísticas para Mapa de los países dentro del Círculo Polar Ártico

Haz click aquí para tomar la prueba!

Estadísticas generales

  • Esta prueba ha sido tomada 4.190 veces
  • La puntuación promedio es 6 de 7

Respuestas en el mapa

Las respuestas están codificadas por una escala verde-roja en el mapa de la prueba según el % correcto abajo.
 

Estadísticas de respuestas

Respuesta% Correcto
Canadá
92%
Dinamarca
89%
Rusia
89%
Finlandia
88%
Noruega
88%
Suecia
85%
Estados Unidos
84%

Distribución de puntuación

Porcentaje por número respondido

Porcentaje de gente con cada puntuación

Historial de tus puntuaciones

No has tomado esta prueba